000 00953nac a22002777a 4500
001 BR8404545
003 BR-BrBNA
005 20240105120157.0
008 230509b bl.|||m| |||| 00| 0 por d
040 _aBR-BrBNA
_bpor
_cBiblioteca Nacional de Agricultura
072 _aF01
090 _a1300 BR8404545
100 1 _aColtri, M.L.
100 1 _aFonseca, A.F.A. da
110 1 _aUnidade de Execucao de Pesquisa de Ambito Estadual de Porto Velho, RO (Brasil)
_910373
245 1 _aInformacoes preliminares sobre a atual situacao olericola no estado de Rondonia [Brasil]
260 3 _aPorto Velho, RO (Brasil):
_c1984.
300 _a20 p.
490 _aDocumentos - Unidade de Execucao de Pesquisa de Ambito Estadual de Porto Velho (Brazil)
_vno. 13
_xISSN 0101-8957
650 _aHORTALICA
650 _aLEGUME
650 _aOLERICULTURA
650 _aRONDONIA
909 _a202312
_bLúcia Elande
_c55
_dLúcia Elande
942 _2AGRIS
_n0
_cMS
999 _c278218
_d278218